UM Logo

Agenda for hope: (Record no. 2576)

MARC details
000 -LEADER
fixed length control field 00862nam a22002177a 4500
008 - FIXED-LENGTH DATA ELEMENTS--GENERAL INFORMATION
fixed length control field 160518b xxu||||| |||| 00| 0 eng d
020 ## - INTERNATIONAL STANDARD BOOK NUMBER
International Standard Book Number 978-971-0426-08-9
082 ## - DEWEY DECIMAL CLASSIFICATION NUMBER
Edition number 2009
Classification number DFil 305.89921
Item number A3
245 ## - TITLE STATEMENT
Title Agenda for hope:
Remainder of title preserving and transforming Philippine identity and culture/
Statement of responsibility, etc. edited by Paulynn Paredes Sicam and Remmon E. Barbaza.
260 ## - PUBLICATION, DISTRIBUTION, ETC. (IMPRINT)
Place of publication, distribution, etc. Quezon City:
Name of publisher, distributor, etc. Ateneo de Manila University,
Date of publication, distribution, etc. c2009.
300 ## - PHYSICAL DESCRIPTION
Extent xii, 118 pages:
Other physical details illustrations;
Dimensions 23 cm.
440 ## - SERIES STATEMENT/ADDED ENTRY--TITLE
9 (RLIN) 8515
Title Ideas on building a nation
500 ## - GENERAL NOTE
General note Includes index.
650 #0 - SUBJECT ADDED ENTRY--TOPICAL TERM
9 (RLIN) 8510
Topical term or geographic name as entry element Philippines
General subdivision Social life and customs.
650 #0 - SUBJECT ADDED ENTRY--TOPICAL TERM
9 (RLIN) 8511
Topical term or geographic name as entry element Philippines
General subdivision Social conditions
650 #0 - SUBJECT ADDED ENTRY--TOPICAL TERM
9 (RLIN) 8512
Topical term or geographic name as entry element National characteristics, Philippine
700 ## - ADDED ENTRY--PERSONAL NAME
9 (RLIN) 8513
Personal name Sicam, Paulynn P.
Relator term editor.
700 ## - ADDED ENTRY--PERSONAL NAME
9 (RLIN) 8514
Personal name Barbaza, Remmon E.
Relator term editor.
365 ## - TRADE PRICE
Price amount 396.00
Currency code Php
942 ## - ADDED ENTRY ELEMENTS (KOHA)
Source of classification or shelving scheme Dewey Decimal Classification
Koha item type Filipiniana
Holdings
Withdrawn status Lost status Source of classification or shelving scheme Damaged status Not for loan Collection code Home library Current library Date acquired Source of acquisition Total Checkouts Full call number Barcode Date last seen Copy number Cost, replacement price Price effective from Koha item type
    Dewey Decimal Classification     Filipiniana UM Digos College - LIC UM Digos College - LIC 09/24/2010 Purchased   DFil 305.89921 A3 2009 21017 05/15/2025 1 396.00 05/18/2016 Filipiniana